Science Quiz

Random Science Quiz

Bones of the foot Quiz Stats

Quiz not verified by Sporcle

Challenge
Share
Tweet
 photo Untitled2.jpg
Score 0/7 Timer 10:00
0 Plays Today
Hint Answer % Correct
1talus
98.6%
2calcaneus
87.7%
4cuboid
86.3%
3navicular
83.6%
5medial cuneiform
72.6%
6lateral cuneiform
68.5%
0%

You're not logged in!

Compare scores with friends on all Sporcle quizzes.
Sign Up with Email
OR
Log In

You Might Also Like...

Show Comments

Extras

Top Quizzes Today


Score Distribution

Your Account Isn't Verified!

In order to create a playlist on Sporcle, you need to verify the email address you used during registration. Go to your Sporcle Settings to finish the process.